LEADER 00820nam a2200181 i 4500 001 000000057618 003 CaOOAMICUS 005 19971014000000.0 008 971014n it u000 u ita u 013 $a28790 040 $aSeMil$bita 100 1 $aBavaro, Saverio.$0(OLS)http://semarc/name/29315 245 13$a"L'arte della perfezione cristiana" del Card. Pietro Sforza Pallavicino :$besposizione e valutazione. 600 14$aPallavicino, Pietro Sforza .$0(OLS)http://semarc/subject/6684 650 4$aTesi di laurea.$0(OLS)http://semarc/subject/1690 850 $aSeMil 852 $aSeMil$W1$xVenegono$y1$m2I V 381$j23772$B23772$CSeMilBibl$Z2$F23774 $81 996 $6245$a"L'arte della perfezione cristiana" del Card. Pietro Sforza Pallavicino :$besposizione e valutazione$9(OLS)http://semarc/title/89691 LEADER 01021nam a2200217 i 4500 001 000000143834 003 CaOOAMICUS 005 20260310152535.0 008 051012s1939 it u000 u ita u 040 $aSeMil$bita 100 1 $aBagnoli, Raffaele.$0(OLS)http://semarc/name/12618 245 10$aS. Aquilino Martire :$bnel culto e nella tradizione milanese /$cRaffaele Bagnoli. 264 1$aMilano :$bTip. Fratelli Calvi,$cstampa 1939. 300 $a50 p. ;$c22 cm 600 04$aAquilino : di Milano .$0(OLS)http://semarc/subject/28246 850 $aSeMil 852 $aSeMil$W1$xVenegono$y1$m5B III 9/14$j239224$B244579$CSeMilBibl$Z2$F244579 $81 961 $aContiene: Biglietto di ringraziamento firmato dal sac. Giovanni Maria Stoppani (Milano, 5 novembre 1945) 996 $6245$aS. Aquilino Martire :$bnel culto e nella tradizione milanese$9(OLS)http://semarc/title/210467 996 $6264$aMilano :$bTip. Fratelli Calvi$9(OLS)http://semarc/publisher/47606